000 00410nam a2200181Ia 4500
001 14483
005 20260306164917.0
008 260306t1999||||xx |||||||||||||| ||spa||
041 _aESP
082 _a515.1
_bS11 V. 1
100 _aSaavedra Alvarado, Teddy
_eAUT
245 0 _aAnálisis matemático I
260 _c1999
300 _a
_c
650 _aGEN
654 _aCMA
942 _cLIB
_dJUS
_fJUS
_2ddc
_n
999 _c14483
_d14483